Industria del azufre en la República Argentina /

Guardado en:
Autor Principal: Lojo, Wilfredo J.
Autor Corporativo: Ministerio de defensa. Dirección general de fabricaciones militares
Formato: Libro
Idioma:Spanish
Publicado: Buenos Aires : Departamento de industrias químicas y afines, 1967.
Etiquetas: Agregar Etiqueta
Sin Etiquetas, Sea el primero en etiquetar este registro!
LEADER 00640nam a22001575a 4500
001 EUN.um036614
003 AR-BaUNS
005 20050623122909.0
008 041125s1967####ag############000#0#spa#d
245 1 0 |a Industria del azufre en la República Argentina /  |c Ministerio de defensa. Dirección general de fabricaciones militares. Wilfredo J. Lojo. 
260 |a Buenos Aires :  |b Departamento de industrias químicas y afines,  |c 1967. 
300 |a 17 h. 
100 1 |a Lojo, Wilfredo J. 
082 0 4 |a 661 
110 2 |a Ministerio de defensa. Dirección general de fabricaciones militares  |c Argentina. 
859 |a Ar-BaUNS  |b BIB. CENTRAL - Sector C  |h 661  |i Ar37  |p 48378/968